MARC details
| 000 -LÍDER |
| campo de controle de tamanho fixo |
01746nam a22003257a 4500 |
| 001 - NÚMERO DE CONTROLE |
| campo de controle |
334 |
| 003 - IDENTIFICADOR DO NÚMERO DE CONTROLE |
| campo de controle |
OSt |
| 005 - DATA E HORÁRIO DA ÚLTIMA TRANSAÇÃO |
| campo de controle |
20260413075558.0 |
| 008 - CAMPO DE DADOS FIXOS--INFORMAÇÃO GERAL |
| campo de controle de tamanho fixo |
250328b |||||||e |||| 00| f eng d |
| 040 ## - FONTE DA CATALOGAÇÃO |
| Idioma da catalogação |
por |
| 041 ## - CÓDIGO DE IDIOMA |
| Código do idioma do original e/ou traduções intermediárias do texto |
eng |
| Código do idioma do texto/trilha sonora ou título diferente |
por |
| 082 ## - CDD - CLASSIFICAÇÃO DECIMAL DE DEWEY |
| Número de Classificação |
813 |
| Número do exemplar |
M531m |
| 100 1# - ENTRADA PRINCIPAL--NOME PESSOAL |
| Nome pessoal |
Melville, Herman, |
| Datas associadas ao nome |
1819-1891 |
| 9 (RLIN) |
492 |
| 240 ## - TÍTULO UNIFORME |
| Título uniforme |
Moby Dick or The Whale |
| 245 ## - TÍTULO |
| Título |
Moby Dick / |
| Indicação de responsabilidade, etc. |
Melville, Herman ; Tradução de Péricles Eugênio da Silva Ramos |
| 260 ## - PUBLICAÇÃO, DISTRIBUIÇÃO, ETC. |
| Local de publicação, distribuição, etc. |
São Paulo |
| Nome do editor, distribuidor, etc. |
Abril |
| Data da publicação, distribuição, etc. |
1972 |
| 300 ## - DESCRIÇÃO FÍSICA |
| Extensão |
668 p. |
| 490 1# - TÍTULO DA SÉRIE |
| Título da série |
Os Imortais da Literatura Universal |
| 520 ## - NOTA DE RESUMO, ETC. |
| Resumo, etc. |
Na cidade de New Bedford, em Massachusetts, o marinheiro Ismael conhece o arpoador Queequeg e, juntos, partem para a ilha de Nantucket em busca de trabalho no mercado de caça às baleias. Lá, eles embarcaram no baleeiro Pequod para uma viagem de três anos aos mares do sul. Entre eles, tripulantes de diversas nacionalidades: os imediatos Starbuck, Stubb e Flask; os arpoadores Tashtego e Daggoo, além de Acab, o sombrio capitão que ostenta uma enorme cicatriz do rosto ao pescoço e uma perna artificial, feita do osso de cachalote. Obcecado por encontrar a fera responsável por seus ferimentos e que nenhum arpoador jamais conseguiu abater - a temível "Moby Dick" -, o capitão Acab conduz o baleeiro e toda a sua tripulação por uma rota de perigos e incertezas.<br/> |
| 650 #0 - ASSUNTO--TERMO TÓPICO |
| Cabeçalho tópico ou nome geográfico |
Literatura Americana |
| 9 (RLIN) |
84 |
| 650 #0 - ASSUNTO--TERMO TÓPICO |
| Cabeçalho tópico ou nome geográfico |
Aventura Marítima |
| 9 (RLIN) |
689 |
| 650 #0 - ASSUNTO--TERMO TÓPICO |
| Cabeçalho tópico ou nome geográfico |
Caça a baleias |
| 9 (RLIN) |
690 |
| 650 #0 - ASSUNTO--TERMO TÓPICO |
| Cabeçalho tópico ou nome geográfico |
Homem X Natureza |
| 9 (RLIN) |
691 |
| 650 #0 - ASSUNTO--TERMO TÓPICO |
| Cabeçalho tópico ou nome geográfico |
Clássicos |
| 9 (RLIN) |
77 |
| 655 #0 - TERMO DE ÍNDICE--GÊNERO E FORMA |
| Gênero/forma/ou termo foco |
Romance |
| 655 #0 - TERMO DE ÍNDICE--GÊNERO E FORMA |
| Gênero/forma/ou termo foco |
Ficção |
| 700 ## - ENTRADA ADICIONADA - NOME PESSOAL |
| Nome pessoal |
Péricles Eugênio da Silva Ramos |
| Datas associadas ao nome |
1919- 1992 |
| Função do autor por extenso |
TRADUTOR |
| 9 (RLIN) |
692 |
| 830 ## - ENTRADA SECUNDÁRIA DE SÉRIE--TÍTULO UNIFORME |
| Título uniforme |
Os Imortais da Literatura Universal |
| 9 (RLIN) |
461 |
| Número do volume ou designação sequencial da série |
vol. 43 |
| 942 ## - ELEMENTOS DE ENTRADA ADICIONADOS (KOHA) |
| Fonte de classificação ou esquema de arquivamento |
Classificação decimal de Dewey |
| Ocultar no OPAC |
Não |
| Tipo de material Koha |
Livros |